|
|
|
|
| LEADER |
00000nam a22000007a 4500 |
| 005 |
20180406234054.0 |
| 007 |
cr|||| |||| |
| 008 |
180406s2017 br |||||s|||| 00||0 por d |
| 020 |
|
|
|a 978-85-361-9461-5
|
| 035 |
|
|
|a 21366
|
| 040 |
|
|
|a vLex
|
| 090 |
|
|
|c 7690
|d 7690
|
| 100 |
1 |
|
|a Godinho Delgado, Mauricio
|
| 245 |
1 |
1 |
|a A reforma trabalhista no Brasil
|h [Recurso electrn̤ico] :
|b Com os Comentr̀ios ̉Lei n. 13.467/2017 /
|c Mauricio Godinho Delgado, Gabriela Neves Delgado
|
| 256 |
|
|
|a Servicio en ln̕ea
|
| 260 |
|
|
|a San Pablo:
|b LTR,
|c 2017
|
| 300 |
|
|
|a 1 recurso electrn̤ico
|
| 500 |
|
|
|a Obra composta por seis capt̕ulos, investiga os diversos aspectos ter̤icos e prt̀icos da Lei da Reforma Trabalhista e seus impactos no campo do Direito Individual do Trabalho, do Direito Coletivo do Trabalho e do Direito Processual do Trabalho. Incorpora, ainda, os comentr̀ios jurd̕icos especf̕icos sobre todos os preceitos da Lei n. 13.467/2017, enfrentando, com tčnica e precisô de anl̀ise, os desafios para a compreensô do novo diploma legal e sua inserȯ̂ no ordenamento jurd̕ico brasileiro. O livro equilibra, com maestria, a anl̀ise das dimense̳s ter̤ica e prt̀ica da reforma trabalhista, tornando-se imprescindv̕el para os profissionais do Direito no Brasil.
|
| 506 |
1 |
|
|a Disponible solo en los productos indicados
|d vLex Global
|d vLex Global (Academic Edition, excluding Law Schools)
|d vLex Global (U.S. Academic Edition, Law Schools)
|d vLex Global (U.S. Academic Edition, excluding Law Schools)
|d vLex Global (Academic Edition, Law Schools)
|
| 650 |
0 |
4 |
|a Derecho Laboral y Seguridad Social
|z Brasil
|
| 740 |
0 |
|
|a vLex Libros (Servicio en ln̕ea)
|
| 856 |
4 |
0 |
|u http://vlex.com/source/reforma-trabalhista-no-brasil-com-os-comentarios-a-lei-n-13-467-2017-21366
|z Acceso restringido
|
| 942 |
|
|
|c BOOK
|
| 999 |
0 |
|
|a Labor law and social security
|